000 00296nam a2200133Ia 4500
100 _aCurrid C.C
942 _cBK
654 _aComputer
245 _aNovells guide to Netware 4.01 Networks
260 _bBPB
_aNew Delhi
_c1994
082 _a004.65' CUR'
546 _aENGLISH
999 _c20666
_d20666